Vainqueurs des tours dans la catégorie World Tour en 2019 - Statistiques

Statistiques générales
  • Ce quiz a été pris 57 fois
  • Le résultat moyen est 12 sur 15
Statistiques - réponses
Nom du Tour Equipe Pays du coureur Nom du coureur % Correct
Paris-Nice Team Ineos Colombie Egan Bernal
100%
Tour de Suisse Team Ineos Colombie Egan Bernal
100%
Tour de France Team Ineos Colombie Egan Bernal
100%
UAE Tour Jumbo-Visma Slovénie Primoz Roglic
100%
Tirreno-Adriatico Jumbo-Visma Slovénie Primoz Roglic
100%
Tour de Romandie Jumbo-Visma Slovénie Primoz Roglic
100%
Vuelta à España Jumbo-Visma Slovénie Primoz Roglic
100%
Giro d'Italia Movistar Equateur Richard Carapaz
96%
Tour de Catalogne Astana Colombie Miguel Angel Lopez
90%
Critérium du Dauphiné Astana Danemark Jakob Fuglsang
79%
Tour de Pologne Team Ineos Russie Pavel Sivakov
73%
Tour Down Under Michelton-Scott Afrique du Sud Daryl Impey
67%
Tour du Guangxi Deceuninck-Quick Step Espagne Enric Mas
60%
Tour du Pays basque Astana Espagne Ion Izagirre
48%
BinckBank Tour Jumbo-Visma Belgique Laurens De Plus
29%
Aucun quiz correspondant
Distribution des résultats
% des personnes avec chaque résultat
Percentile par nombre de réponses
Votre historique - résultats
Vous n’avez pas pris ce quiz